| 000 -LEADER |
| fixed length control field |
00675nam a22002657a 4500 |
| 005 - DATE AND TIME OF LATEST TRANSACTION |
| control field |
20150330091112.0 |
| 008 - FIXED-LENGTH DATA ELEMENTS--GENERAL INFORMATION |
| fixed length control field |
150330b xxu||||| |||| 00| 0 eng d |
| 020 ## - INTERNATIONAL STANDARD BOOK NUMBER |
| International Standard Book Number |
0078651131 |
| 041 0# - LANGUAGE CODE |
| Language code of text/sound track or separate title |
eng |
| 080 ## - UNIVERSAL DECIMAL CLASSIFICATION NUMBER |
| Universal Decimal Classification number |
515.2 |
| 100 ## - Rafti |
| Rafti |
Holliday, Berchie |
| 245 ## - TITLE STATEMENT |
| Title |
Algebra 1 |
| Statement of responsibility, etc |
Berchie Holliday |
| 260 ## - |
| -- |
USA |
| -- |
Glencoe McGraw-Hill |
| -- |
2005 |
| 300 ## - |
| -- |
(963) f.: |
| -- |
me il.; |
| -- |
28 cm |
| 505 ## - |
| -- |
Index: f. (946 - 963) |
| 650 ## - |
| -- |
Algjebra |
| 700 1# - |
| -- |
Gilbert J. Cuevas |
| 700 1# - |
| -- |
Beatrice Moore-Harris |
| 700 1# - |
| -- |
John A. Carter |
| 700 1# - |
| -- |
Daniel Marks |
| 700 1# - |
| -- |
Ruth M. Casey |
| 700 1# - |
| -- |
Roger Day |
| 700 1# - |
| -- |
Linda M. Hayek |
| 942 ## - ADDED ENTRY ELEMENTS (KOHA) |
| Source of classification or shelving scheme |
|
| Item type |
Books |